Celebrations

Saved in:
Bibliographic Details
Main Author: Deshpande, Chris
Other Authors: Mukhida, Zul (Photographer)
Format: Book
Language:English
Published: London : A & C Black, 1993.
Series:Worldwide crafts
Subjects:
Tags: Add Tag
No Tags, Be the first to tag this record!

MARC

LEADER 00000cam a2200000 i 4500
001 1/100841
008 000203s1993 eng d
020 |a 0-7136-3714-5 
035 |l 10057441 
040 |a GR-MY-UA  |b gre  |e aacr 
041 0 |a eng 
082 0 |a 745.5941 
100 1 |a Deshpande, Chris. 
245 1 0 |a Celebrations /  |c Chris Deshpande ; photographs by Zul Mukhida.  
260 |a London :   |b A & C Black,   |c 1993.  
300 |a 32 σ.  
490 1 |a (Worldwide crafts)  
650 0 0 |a Holiday decorations  |x Juvenile literature. 
650 0 0 |a Handicraft  |x Juvenile literature. 
700 1 |a Mukhida, Zul,  |e pht 
830 0 |a Worldwide crafts 
852 |a INST  |b RHODES  |e 20000203  |h 745.5941 DES  |p 005400014902  |q 005400014902  |t BK  |y 0 
901 |a BIBL4-2000-1 
909 |a Ρ  |b 065581 
922 |a 4ΕΛΗ  |b 199905  |c ΚΠΣ/154  |d LEADER BOOOKS 
970 |a ΚΟΥΛΑΚΙΟΤΗ  |b ΛΙΤΣΑ  |z 2000/02/03